|
|
|
|
| LEADER |
00000cam a2200000 i 4500 |
| 001 |
1/54120 |
| 008 |
070906s2005 gr | ||| |||| ||gre|| |
| 020 |
|
|
|a 9608154413
|
| 035 |
|
|
|l 10090481
|
| 040 |
|
|
|a GR-MyUa
|b gre
|e AACR2
|
| 041 |
1 |
|
|a gre
|h fre
|
| 082 |
7 |
|
|a 155.42
|2 (22)
|
| 100 |
1 |
|
|a Cordie, Anny.
|
| 245 |
1 |
0 |
|a Γιατρέ, γιατί το παιδί μου έχει πρόβλημα; /
|c Άννυ Κορντιέ ; μετάφραση: Βάσω Μέντζου.
|
| 260 |
|
|
|a [Αθήνα] :
|b Ολκός,
|c [2005]
|
| 300 |
|
|
|a 336 σ. :
|b σχ. ;
|c 20 εκ.
|
| 500 |
|
|
|a Τίτλος πρωτοτύπου: Pourquoi, docteur, notre enfant a-t-il des problemes.
|
| 504 |
|
|
|a Περιλαμβάνει βιβλιογραφίες.
|
| 650 |
|
0 |
|a Child psychiatry.
|
| 650 |
|
0 |
|a Child psychology.
|
| 650 |
|
0 |
|a Parent and child.
|
| 650 |
|
0 |
|a Child psychotherapy.
|
| 700 |
1 |
|
|a Μέντζου, Βάσω,
|e trlf
|
| 852 |
|
|
|a INST
|b RHODES
|e 20070906
|h 155.42 COR
|p 005400025847
|q 005400025847
|t BK
|y 0
|
| 901 |
|
|
|a BIBL4-2007-3
|
| 922 |
|
|
|a 4ΕΛΗ
|b 200708
|c ΕΠΕΑΕΚ2/ΠΤΔΕ
|d Σ. ΠΑΤΑΚΗΣ
|
| 970 |
|
|
|a Χαριοπολίτου
|b Κωνσταντίνα
|z 2007/09/06
|